[Event "Rated Blitz game"]
[Site "?"]
[Date "2021.10.05"]
[Round "?"]
[White "FlaggingIsADisease"]
[Black "GrandeGila"]
[Result "1-0"]
[WhiteElo "2608"]
[BlackElo "2526"]
[PlyCount "119"]
[EventDate "2021.??.??"]
[EventType "blitz"]

1. e4 e5 2. Nf3 d5 3. d4 dxe4 4. Nxe5 Bd6 5. Bc4 Bxe5 6. Qh5 Qe7 7. Qxe5 Qxe5
8. dxe5 Ne7 9. Nc3 O-O 10. Nxe4 Nbc6 11. f4 Bf5 12. Ng3 Bxc2 13. O-O Rad8 14.
Be3 Bd3 15. Rfc1 Bxc4 16. Rxc4 Rfe8 17. Ne4 Nd5 18. Kf2 h5 19. Nc5 Nce7 20. Re1
b6 21. Na6 c5 22. b4 cxb4 23. Nxb4 Nxb4 24. Rxb4 Nd5 25. Rd4 Nxe3 26. Kxe3 Rxd4
27. Kxd4 f6 28. e6 g6 29. Kd5 Kf8 30. Kd6 Rd8+ 31. Kc7 Ke7 32. Kb7 Rd2 33. a4
Ra2 34. Re4 f5 35. Rb4 a5 36. Rd4 Kxe6 37. Kxb6 Rxg2 38. Kxa5 Rxh2 39. Kb5 Rb2+
40. Kc6 Ra2 41. Kb5 h4 42. a5 h3 43. a6 h2 44. Rd1 Rg2 45. a7 Ra2 46. Kb6 Kf6
47. Rh1 Rb2+ 48. Kc7 Rc2+ 49. Kb8 Rb2+ 50. Kc7 Ra2 51. Kb6 g5 52. fxg5+ Kxg5
53. Rxh2 Ra1 54. Rh8 f4 55. a8=Q Rxa8 56. Rxa8 f3 57. Rf8 Kg4 58. Kc5 Kg3 59.
Kd4 f2 60. Ke3 {Normal} 1-0

[Event "Rated Blitz game"]
[Site "?"]
[Date "2021.10.05"]
[Round "?"]
[White "ChovyofChess"]
[Black "Annali-annaliew1979"]
[Result "1/2-1/2"]
[WhiteElo "2520"]
[BlackElo "2405"]
[PlyCount "243"]
[EventDate "2021.??.??"]
[EventType "blitz"]

1. e4 e5 2. Nf3 d5 3. exd5 e4 4. Ne5 Bd6 5. d4 Nf6 6. Bb5+ Nbd7 7. O-O O-O 8.
Bxd7 Bxd7 9. Nc3 h6 10. Bf4 a6 11. Re1 Bf5 12. a4 Re8 13. h3 Bb4 14. g4 Bh7 15.
Bg3 Nxd5 16. Nxd5 Qxd5 17. c3 Bd6 18. Re3 f6 19. c4 Qe6 20. c5 Bxe5 21. dxe5
fxe5 22. Qc2 Rad8 23. c6 Qxc6 24. Qxc6 bxc6 25. Rc1 Re6 26. Rc5 Rd5 27. Rec3
Rxc5 28. Rxc5 Kf7 29. Bxe5 g5 30. Bxc7 Ke7 31. Ba5 Kd7 32. Bd2 Rd6 33. Be3 Rd5
34. Rxd5+ cxd5 35. a5 Kc6 36. Bd4 Kb5 37. Kf1 Bg6 38. Bg7 h5 39. Bh6 hxg4 40.
hxg4 d4 41. Bxg5 Kxa5 42. Bf6 d3 43. Ke1 Kb4 44. Kd2 Kb3 45. Bc3 Kc4 46. g5 Kb5
47. Bf6 a5 48. Bc3 a4 49. Be5 Kc4 50. Bf6 Kb3 51. Bg7 a3 52. bxa3 Kxa3 53. Bd4
Kb3 54. Be3 Kc4 55. Bf4 Kd5 56. Be3 Ke5 57. Ba7 Kf4 58. Be3+ Kg4 59. Ke1 Kf3
60. Kd2 Bf5 61. Ke1 Bg4 62. Kd2 Be6 63. Ke1 Kg4 64. Kd2 Bd5 65. Ke1 Kf5 66. Kd2
Kg6 67. Ke1 Be6 68. Kd2 Bg4 69. Ke1 Bf3 70. Kd2 Kh5 71. Ke1 Bg4 72. Kd2 Be6 73.
Ke1 Kg4 74. Kd2 Kh3 75. Ke1 Kg2 76. Kd2 Kf1 77. Bf4 Kxf2 78. Be3+ Kf3 79. Bd4
Bf5 80. Be3 Bg6 81. Bd4 Kg4 82. Be3 Bf5 83. Bf2 Kxg5 84. Be3+ Kg4 85. Ba7 Kf3
86. Be3 Be6 87. Ba7 Bc4 88. Be3 Bb3 89. Ba7 Bd1 90. Bd4 Be2 91. Be3 Kg4 92. Bd4
Kf4 93. Be3+ Ke5 94. Ba7 Kd5 95. Bf2 Kc4 96. Be3 Kd5 97. Bf2 Bf3 98. Be3 Kc4
99. Bf2 Kd5 100. Be3 Ke5 101. Bf2 Kf4 102. Be3+ Kg3 103. Bd4 Kg2 104. Be3 Kf1
105. Bd4 Be2 106. Be3 Kg2 107. Bd4 Kf3 108. Be3 Kg4 109. Bd4 Kf4 110. Be3+ Ke5
111. Bf2 Bf3 112. Be3 Kd5 113. Bf2 Kd6 114. Be3 Kd7 115. Bf2 Ke8 116. Be3 Kf7
117. Bf2 Be2 118. Be3 Ke6 119. Bf2 Ke5 120. Be3 Kf5 121. Bb6 Kf4 122. Be3+ {
Normal} 1/2-1/2

[Event "Rated Blitz game"]
[Site "?"]
[Date "2021.10.05"]
[Round "?"]
[White "momcilo56adzic"]
[Black "Moskvin_Tolik"]
[Result "1-0"]
[WhiteElo "2426"]
[BlackElo "2416"]
[PlyCount "77"]
[EventDate "2021.??.??"]
[EventType "blitz"]

1. e4 e5 2. Nf3 d5 3. Nxe5 dxe4 4. Bc4 Qd4 5. Bxf7+ Kd8 6. Bxg8 Rxg8 7. Ng4 Nc6
8. Nc3 Bc5 9. Ne3 a6 10. a3 Qe5 11. b3 Rf8 12. Bb2 Qf4 13. Rf1 Qxh2 14. Ncd5
Bd4 15. c3 Be5 16. Qe2 Ne7 17. Nxe7 Kxe7 18. O-O-O Be6 19. Rh1 Qf4 20. Rxh7
Qxf2 21. Qh5 Bf6 22. c4 Bxb2+ 23. Kxb2 Rad8 24. Rxg7+ Kd6 25. Qg5 Kc6 26. Kc1
b5 27. Qe7 Rd7 28. Qxe6+ Rd6 29. Qxe4+ Kb6 30. Rg5 Rc6 31. Qd4+ Kb7 32. Rc5 Rd6
33. Qc3 c6 34. cxb5 axb5 35. Re5 Rf7 36. Qc5 Rfd7 37. Re7 Kc7 38. Rxd7+ Kxd7
39. Qf5+ {Normal} 1-0

[Event "Rated Blitz game"]
[Site "?"]
[Date "2021.10.05"]
[Round "?"]
[White "Adta_zalu"]
[Black "Annali-annaliew1979"]
[Result "0-1"]
[WhiteElo "2329"]
[BlackElo "2413"]
[PlyCount "76"]
[EventDate "2021.??.??"]
[EventType "blitz"]

1. e4 e5 2. Nf3 d5 3. Nc3 dxe4 4. Nxe4 f5 5. Ng3 e4 6. Ne5 Nf6 7. Bc4 Qd4 8.
Bf7+ Kd8 9. Nc4 Nc6 10. Qe2 Bd6 11. c3 Qd3 12. Nxd6 Qxd6 13. Bb3 Ne5 14. Bc2
Re8 15. b3 Bd7 16. a4 g6 17. Ba3 Qb6 18. a5 Qc6 19. Bb4 Nd3+ 20. Kd1 Nxb4 21.
cxb4 Be6 22. Rc1 Qd6 23. Qb5 b6 24. a6 c6 25. Qa4 Ng4 26. Ke2 Qf4 27. Rcf1 Bd5
28. h3 Ne5 29. b5 c5 30. Qa1 Kc7 31. Rc1 Rad8 32. b4 Nd3 33. Rcf1 Nxb4 34. Qg7+
Rd7 35. Qf6 Nxc2 36. Kd1 Bb3 37. Kc1 Qxd2+ 38. Kb2 Nd4+ {Normal} 0-1

[Event "Rated Blitz game"]
[Site "?"]
[Date "2021.10.05"]
[Round "?"]
[White "gresaljesaldo42"]
[Black "Tintyn"]
[Result "0-1"]
[WhiteElo "2362"]
[BlackElo "2443"]
[PlyCount "62"]
[EventDate "2021.??.??"]
[EventType "blitz"]

1. e4 e5 2. Nf3 d5 3. d4 dxe4 4. Nxe5 Bd6 5. Nxf7 Kxf7 6. Qh5+ g6 7. Qd5+ Kg7
8. Bc4 Qe7 9. Nc3 Nf6 10. Qg5 h6 11. Qh4 Nc6 12. Be3 g5 13. Bxg5 hxg5 14. Qxg5+
Kf8 15. O-O-O Bg4 16. Rde1 Rh5 17. Qe3 Re8 18. h3 Be6 19. Bb3 Bxb3 20. axb3 Ra5
21. Kb1 Nd5 22. Nxd5 Rxd5 23. Rd1 Qg7 24. c3 Rf5 25. g4 Rf3 26. Qe2 Qf7 27. Qb5
Rxf2 28. Rhf1 e3 29. Rxf2 exf2 30. Ka2 Re1 31. Qxb7 Rxd1 {Normal} 0-1

[Event "Rated Blitz game"]
[Site "?"]
[Date "2021.10.04"]
[Round "?"]
[White "ramza39"]
[Black "ahoramahora"]
[Result "1-0"]
[WhiteElo "2480"]
[BlackElo "2417"]
[PlyCount "47"]
[EventDate "2021.??.??"]
[EventType "blitz"]

1. e4 e5 2. Nf3 d5 3. Nc3 d4 4. Nb1 Bd6 5. Bc4 Nf6 6. O-O O-O 7. d3 Nc6 8. Bg5
a6 9. a3 Qe7 10. c3 dxc3 11. Nxc3 Be6 12. Rc1 Bxc4 13. dxc4 Rad8 14. Nd5 Qe6
15. Bxf6 gxf6 16. Nh4 Bc5 17. Qh5 Nd4 18. Rc3 Kh8 19. Nf5 Rg8 20. Rh3 Rg7 21.
Nxg7 Kxg7 22. Qh6+ Kg8 23. Rg3+ Kh8 24. Qg7# {Normal} 1-0

[Event "Rated Blitz game"]
[Site "?"]
[Date "2021.10.04"]
[Round "?"]
[White "Kote-20C"]
[Black "falejos"]
[Result "1-0"]
[WhiteElo "2421"]
[BlackElo "2249"]
[PlyCount "107"]
[EventDate "2021.??.??"]
[EventType "blitz"]

1. e4 e5 2. Nf3 d5 3. exd5 e4 4. Qe2 Qe7 5. Nd4 Nf6 6. Nc3 a6 7. d3 exd3 8.
Qxe7+ Bxe7 9. Bxd3 Bb4 10. Bc4 O-O 11. O-O Nbd7 12. Bb3 Nb6 13. Nde2 h6 14. Be3
Bf5 15. Bd4 Ne4 16. Nxe4 Bxe4 17. c4 Bd3 18. Bxb6 Bxe2 19. Bxc7 Bxf1 20. Kxf1
Rfe8 21. a3 Bf8 22. Rd1 b5 23. d6 bxc4 24. Bxc4 Rec8 25. Be2 Bxd6 26. Bxd6 Rc2
27. Be5 Re8 28. Bd3 Rc6 29. Bc3 Kh8 30. Re1 Rxe1+ 31. Kxe1 h5 32. Ke2 Kg8 33.
Ke3 g6 34. Kd4 Rd6+ 35. Kc4 Rc6+ 36. Kd5 Re6 37. b4 Kf8 38. a4 Ke8 39. b5 axb5
40. axb5 Kd7 41. Bd4 Kc7 42. Be5+ Kb7 43. Bc4 Kb6 44. f4 Ka5 45. Bc7+ Kb4 46.
b6 Re1 47. b7 Rd1+ 48. Kc6 Kxc4 49. b8=Q Rc1 50. Kd7 Kd5 51. Bd6 Rc4 52. Qb5+
Kd4 53. Be5+ Kd3 54. Ke7 {Time forfeit} 1-0

[Event "Rated Blitz game"]
[Site "?"]
[Date "2021.10.04"]
[Round "?"]
[White "Charcot3"]
[Black "Lorian2514"]
[Result "0-1"]
[WhiteElo "2535"]
[BlackElo "2563"]
[PlyCount "26"]
[EventDate "2021.??.??"]
[EventType "blitz"]

1. e4 e5 2. Nf3 d5 3. exd5 e4 4. Ne5 Qxd5 5. d4 exd3 6. Nxd3 Bd6 7. Nc3 Qf5 8.
Be3 Nc6 9. Qd2 Be6 10. O-O-O O-O-O 11. h3 Nf6 12. g4 Qa5 13. Kb1 Ne4 {Normal}
0-1

[Event "Rated Blitz game"]
[Site "?"]
[Date "2021.10.04"]
[Round "?"]
[White "strizibuba"]
[Black "KamranShirazi"]
[Result "0-1"]
[WhiteElo "2590"]
[BlackElo "2606"]
[PlyCount "52"]
[EventDate "2021.??.??"]
[EventType "blitz"]

1. e4 e5 2. Nf3 d5 3. exd5 e4 4. Qe2 Nf6 5. d3 Bb4+ 6. Bd2 O-O 7. Bxb4 exf3 8.
Qxf3 Re8+ 9. Kd2 Nxd5 10. Bc5 Na6 11. Be3 Nab4 12. Nc3 Nxc3 13. bxc3 Nd5 14.
Re1 Be6 15. g3 Nxc3 16. Kxc3 Bd5 17. Qg4 Bxh1 18. Bh3 Bd5 19. a3 Qf6+ 20. Bd4
Qg6 21. Rxe8+ Rxe8 22. Qf4 c5 23. Be3 c4 24. Bf5 Qc6 25. Bd4 cxd3+ 26. Kxd3 g6
{Normal} 0-1

[Event "Rated Blitz game"]
[Site "?"]
[Date "2021.10.04"]
[Round "?"]
[White "Grappler1990"]
[Black "jeruchess"]
[Result "1-0"]
[WhiteElo "2508"]
[BlackElo "2392"]
[PlyCount "55"]
[EventDate "2021.??.??"]
[EventType "blitz"]

1. e4 e5 2. Nf3 d5 3. Nxe5 Bd6 4. Nxf7 Kxf7 5. Qh5+ Kf8 6. Qxd5 Nf6 7. Qd3 Nc6
8. c3 Qe7 9. f3 Be6 10. Qc2 Rd8 11. d4 Bf4 12. Bxf4 h6 13. Bd3 g5 14. Be3 Kg7
15. Nd2 Rhe8 16. O-O-O Bg8 17. h4 Na5 18. hxg5 hxg5 19. Kb1 c5 20. Bxg5 cxd4
21. cxd4 Rxd4 22. Qc3 Red8 23. Qxa5 Rxd3 24. e5 Bh7 25. exf6+ Kg8 26. fxe7
Rxd2+ 27. Rxh7 Rxd1+ 28. Kc2 {Normal} 1-0

[Event "Rated Blitz game"]
[Site "?"]
[Date "2021.10.04"]
[Round "?"]
[White "musik92"]
[Black "PerunBarglowski"]
[Result "1-0"]
[WhiteElo "2545"]
[BlackElo "2653"]
[PlyCount "73"]
[EventDate "2021.??.??"]
[EventType "blitz"]

1. e4 e5 2. Nf3 d5 3. Nc3 d4 4. Ne2 f6 5. d3 Be6 6. c3 c5 7. g3 Nc6 8. Bg2 Qd7
9. O-O O-O-O 10. a4 g5 11. cxd4 cxd4 12. Bd2 h5 13. a5 h4 14. a6 b6 15. Rc1 Kb8
16. Qa4 Nge7 17. Rc2 hxg3 18. fxg3 Bh3 19. Rfc1 Bxg2 20. Kxg2 Rc8 21. Bb4 Qh3+
22. Kg1 g4 23. Nh4 Rxh4 24. gxh4 Bh6 25. Bd6+ Ka8 26. Ng3 Be3+ 27. Kh1 Bxc1 28.
Bxe7 Qxh4 29. Rxc6 Qh8 30. Qb5 Kb8 31. Bd6+ Rc7 32. Bxc7+ Kc8 33. Bxb6+ Kd7 34.
Qd5+ Ke7 35. Rc7+ Ke8 36. Qf7+ Kd8 37. Qd7# {Normal} 1-0

[Event "Rated Blitz game"]
[Site "?"]
[Date "2021.10.04"]
[Round "?"]
[White "ehud50"]
[Black "KamranShirazi"]
[Result "0-1"]
[WhiteElo "2518"]
[BlackElo "2541"]
[PlyCount "56"]
[EventDate "2021.??.??"]
[EventType "blitz"]

1. e4 e5 2. Nf3 d5 3. Nxe5 Bd6 4. d4 dxe4 5. Nc4 Nc6 6. Nxd6+ Qxd6 7. c3 f5 8.
g3 Nf6 9. Bf4 Qe7 10. Bc4 Be6 11. Nd2 O-O-O 12. b4 Bxc4 13. Nxc4 Nd5 14. Qb3 g5
15. b5 Nxd4 16. cxd4 gxf4 17. O-O-O e3 18. fxe3 fxe3 19. Rhe1 Rhe8 20. a4 f4
21. gxf4 e2 22. Rd2 Nxf4 23. Rc2 Rxd4 24. a5 Kb8 25. Kb1 Rd1+ 26. Rc1 Qe4+ 27.
Ka2 Rxc1 28. Rxc1 e1=Q {Normal} 0-1

[Event "Rated Blitz tournament qVALqqpt"]
[Site "?"]
[Date "2021.10.04"]
[Round "?"]
[White "Yaroslaff"]
[Black "Razario90"]
[Result "1-0"]
[WhiteElo "2205"]
[BlackElo "2404"]
[PlyCount "107"]
[EventDate "2021.??.??"]
[EventType "blitz"]

1. e4 e5 2. Nf3 d5 3. exd5 e4 4. Qe2 Nf6 5. Nc3 Be7 6. d3 exd3 7. Qxd3 O-O 8.
Be3 Nbd7 9. O-O-O Nb6 10. Ng5 h6 11. h4 c6 12. dxc6 Qxd3 13. Bxd3 bxc6 14. Nge4
Nfd5 15. Bc5 Re8 16. Bxe7 Rxe7 17. Rhe1 Nb4 18. Nc5 Nxd3+ 19. Nxd3 Be6 20. Nc5
Rae8 21. Nxe6 Rxe6 22. Rxe6 Rxe6 23. Rd8+ Kh7 24. b3 Kg6 25. a4 Kh5 26. g3 Kg4
27. a5 Nd5 28. Nxd5 cxd5 29. Rxd5 Kf3 30. Rd2 f5 31. c3 g5 32. hxg5 hxg5 33.
Kc2 f4 34. gxf4 gxf4 35. b4 a6 36. c4 Re1 37. Kc3 Rc1+ 38. Kd4 Rb1 39. Kc5 Rc1
40. b5 axb5 41. Kxb5 Kg2 42. a6 f3 43. c5 Rb1+ 44. Ka5 Ra1+ 45. Kb6 Rb1+ 46.
Kc7 Ra1 47. Kb7 Rb1+ 48. Ka7 Rc1 49. Kb7 Rb1+ 50. Ka8 Rc1 51. a7 Rxc5 52. Kb7
Rb5+ 53. Ka6 Rd5 54. Rxd5 {Normal} 1-0

[Event "Rated Blitz game"]
[Site "?"]
[Date "2021.10.04"]
[Round "?"]
[White "tiraboschinico"]
[Black "Benny_Watts_2005"]
[Result "0-1"]
[WhiteElo "2437"]
[BlackElo "2431"]
[PlyCount "78"]
[EventDate "2021.??.??"]
[EventType "blitz"]

1. e4 e5 2. Nf3 d5 3. Nc3 d4 4. Ne2 Bd6 5. Ng3 Nf6 6. Bc4 c5 7. d3 O-O 8. a3
Nc6 9. O-O a6 10. Nh4 b5 11. Ba2 Nxe4 12. Nxe4 Qxh4 13. Nxd6 Bg4 14. f3 Bh5 15.
Nf5 Qf6 16. Ng3 Bg6 17. Ne4 Qe7 18. Bg5 Qa7 19. Qe1 Kh8 20. Qg3 f6 21. Bd2 Ne7
22. b4 Bxe4 23. fxe4 Rfc8 24. Rac1 c4 25. Qh3 c3 26. Be1 a5 27. Bb3 axb4 28.
axb4 Qa3 29. Bh4 Qxb4 30. Rxf6 Ng8 31. Rf7 Rf8 32. Rcf1 Rxf7 33. Rxf7 Ra1+ 34.
Kf2 Ra8 35. Qf5 Nh6 36. Ra7 Rf8 37. Qxf8+ Qxf8+ 38. Kg3 Qf4+ 39. Kh3 Qg4# {
Normal} 0-1

[Event "Rated Blitz game"]
[Site "?"]
[Date "2021.10.04"]
[Round "?"]
[White "ArieWerksma"]
[Black "Annali-annaliew1979"]
[Result "0-1"]
[WhiteElo "2442"]
[BlackElo "2413"]
[PlyCount "50"]
[EventDate "2021.??.??"]
[EventType "blitz"]

1. e4 e5 2. Nf3 d5 3. exd5 e4 4. Ne5 Bd6 5. d4 Nf6 6. c4 b6 7. Be3 O-O 8. Be2
Bf5 9. h3 Re8 10. Nc3 Bxe5 11. dxe5 Rxe5 12. Qd2 Nbd7 13. g4 Bg6 14. h4 h5 15.
g5 Ne8 16. Bd4 Re7 17. O-O-O Nd6 18. b3 Nc5 19. Bxc5 bxc5 20. Rde1 Nf5 21. Qd1
e3 22. Bxh5 exf2 23. Rxe7 Qxe7 24. Bxg6 fxg6 25. Qf3 Qe3+ {Time forfeit} 0-1

[Event "Rated Blitz game"]
[Site "?"]
[Date "2021.10.04"]
[Round "?"]
[White "wtfai"]
[Black "ahoramahora"]
[Result "0-1"]
[WhiteElo "2442"]
[BlackElo "2412"]
[PlyCount "66"]
[EventDate "2021.??.??"]
[EventType "blitz"]

1. e4 e5 2. Nf3 d5 3. Nxe5 Bd6 4. d4 dxe4 5. Nc3 Bxe5 6. dxe5 Qxd1+ 7. Kxd1 Nc6
8. Bf4 Nge7 9. Nxe4 Ng6 10. Bg3 Ncxe5 11. h4 Bf5 12. f3 O-O-O+ 13. Ke1 h5 14.
Kf2 Bxe4 15. fxe4 Rd2+ 16. Be2 Rxc2 17. Rab1 Ng4+ 18. Kf3 N6e5+ 19. Bxe5 Nxe5+
20. Ke3 Rd8 21. Rhc1 Rdd2 22. Rxc2 Rxc2 23. g3 g6 24. a3 Kd7 25. Rd1+ Ke7 26.
Rd2 Rxd2 27. Kxd2 Kd6 28. Ke3 Kc5 29. b3 a5 30. Kf4 f6 31. Ke3 b5 32. Kd2 b4
33. a4 Kd4 {Normal} 0-1

[Event "Rated Blitz game"]
[Site "?"]
[Date "2021.10.04"]
[Round "?"]
[White "soloataco"]
[Black "gmnourdg"]
[Result "1-0"]
[WhiteElo "2510"]
[BlackElo "2213"]
[PlyCount "63"]
[EventDate "2021.??.??"]
[EventType "blitz"]

1. e4 e5 2. Nf3 d5 3. d3 dxe4 4. dxe4 Bd6 5. Nbd2 Be6 6. Nc4 Bxc4 7. Bxc4 h6 8.
O-O Nc6 9. c3 Qd7 10. Qe2 Nf6 11. Rd1 O-O-O 12. b4 g5 13. a4 h5 14. a5 g4 15.
Nh4 Be7 16. Rxd7 Rxd7 17. Bg5 Nh7 18. Bxe7 Nxe7 19. Bxf7 Ng5 20. Ng6 Nxf7 21.
Nxh8 Nxh8 22. Rd1 Rxd1+ 23. Qxd1 Nhg6 24. g3 a6 25. Qd2 h4 26. Qg5 hxg3 27.
Qxg4+ Kd8 28. fxg3 Ke8 29. h4 Nf8 30. h5 Kf7 31. Qg5 Nc6 32. h6 {Normal} 1-0

[Event "Rated Blitz tournament Ap63MTJr"]
[Site "?"]
[Date "2021.10.04"]
[Round "?"]
[White "VV1000"]
[Black "Nikame"]
[Result "0-1"]
[WhiteElo "2253"]
[BlackElo "2446"]
[PlyCount "46"]
[EventDate "2021.??.??"]
[EventType "blitz"]

1. e4 e5 2. Nf3 d5 3. Nxe5 Bd6 4. d4 dxe4 5. Be2 Nf6 6. Nc3 O-O 7. Nc4 Be7 8.
Bg5 Bf5 9. Ne3 Bg6 10. Qd2 Nc6 11. O-O-O h6 12. Bh4 Qd7 13. Bg3 Rad8 14. d5 Nb4
15. a3 Na6 16. Bxa6 bxa6 17. Qd4 c5 18. Qc4 Nh5 19. Qxa6 Nxg3 20. hxg3 Rb8 21.
Qa4 Qb7 22. Nc4 Bf6 23. Na5 Qxb2+ {Normal} 0-1

[Event "Rated Blitz game"]
[Site "?"]
[Date "2021.10.04"]
[Round "?"]
[White "superbond"]
[Black "Lorian2514"]
[Result "0-1"]
[WhiteElo "2525"]
[BlackElo "2545"]
[PlyCount "44"]
[EventDate "2021.??.??"]
[EventType "blitz"]

1. e4 e5 2. Nf3 d5 3. Nxe5 Bd6 4. d4 dxe4 5. Nc3 Nf6 6. Bg5 Bf5 7. Bc4 O-O 8.
O-O h6 9. Bh4 Nc6 10. Nxc6 bxc6 11. Re1 Re8 12. Qd2 Rb8 13. Rab1 Bxh2+ 14. Kxh2
Ng4+ 15. Kg3 g5 16. Bxg5 hxg5 17. Nxe4 Rxe4 18. Rxe4 Qd6+ 19. Kf3 Nh2+ 20. Ke3
Bxe4 21. Kxe4 Qg6+ 22. Ke3 Re8+ {Normal} 0-1

[Event "Rated Blitz game"]
[Site "?"]
[Date "2021.10.04"]
[Round "?"]
[White "sergunFM"]
[Black "Danippov"]
[Result "1-0"]
[WhiteElo "2446"]
[BlackElo "2421"]
[PlyCount "89"]
[EventDate "2021.??.??"]
[EventType "blitz"]

1. e4 e5 2. Nf3 d5 3. Qe2 Nf6 4. Nxe5 dxe4 5. d4 Bd6 6. Bg5 Qe7 7. Bxf6 gxf6 8.
Nc4 Nc6 9. Nxd6+ cxd6 10. c3 d5 11. Nd2 f5 12. g3 Be6 13. Qe3 O-O-O 14. Nb3 b6
15. Bb5 Nb8 16. a4 Kb7 17. a5 a6 18. Be2 b5 19. Nc5+ Ka7 20. Qf4 Qd6 21. Qxd6
Rxd6 22. Kd2 Nd7 23. b4 Nf6 24. h3 h5 25. f3 h4 26. g4 exf3 27. Bxf3 fxg4 28.
hxg4 Bxg4 29. Raf1 Be6 30. Bg2 Ng4 31. Bh3 Rg8 32. Rf4 f5 33. Nxe6 Rxe6 34.
Rxf5 Ne3 35. Rf7+ Re7 36. Rxe7+ Kb8 37. Rxe3 Kc7 38. Re7+ Kd6 39. Rd7+ Kc6 40.
Re1 Re8 41. Rc7+ Kd6 42. Rxe8 Kxc7 43. Rh8 Kc6 44. Rxh4 Kd6 45. Rh6+ {Normal}
1-0

[Event "Rated Blitz game"]
[Site "?"]
[Date "2021.10.04"]
[Round "?"]
[White "jetak_chess"]
[Black "Rikoboy"]
[Result "0-1"]
[WhiteElo "2305"]
[BlackElo "2408"]
[PlyCount "22"]
[EventDate "2021.??.??"]
[EventType "blitz"]

1. e4 e5 2. Nf3 d5 3. Nc3 dxe4 4. Nxe4 f5 5. Nfg5 fxe4 6. Qh5+ g6 7. Qh4 h6 8.
Qxe4 hxg5 9. Qxg6+ Kd7 10. d4 Qf6 11. Bxg5 Qxg6 {Normal} 0-1

[Event "Rated Blitz game"]
[Site "?"]
[Date "2021.10.04"]
[Round "?"]
[White "SC_9ferzej"]
[Black "KamranShirazi"]
[Result "1-0"]
[WhiteElo "2436"]
[BlackElo "2614"]
[PlyCount "51"]
[EventDate "2021.??.??"]
[EventType "blitz"]

1. e4 e5 2. Nf3 d5 3. d3 Nc6 4. Nbd2 Nf6 5. Be2 Bc5 6. O-O a5 7. c3 O-O 8. Qc2
h6 9. h3 Be6 10. Re1 Qd6 11. Nf1 Rad8 12. Ng3 Bb6 13. Bf1 Rfe8 14. Qe2 a4 15.
Nh4 Qf8 16. Qf3 dxe4 17. dxe4 Nh7 18. Bb5 Ng5 19. Qe2 g6 20. Bxa4 Qc5 21. Bxc6
Qxc6 22. Bxg5 hxg5 23. Nf3 g4 24. Nxe5 Qd6 25. Nxg4 Qxg3 26. Nf6+ {Time forfeit
} 1-0

[Event "Rated Blitz game"]
[Site "?"]
[Date "2021.10.04"]
[Round "?"]
[White "Davigator"]
[Black "Tintyn"]
[Result "1/2-1/2"]
[WhiteElo "2385"]
[BlackElo "2464"]
[PlyCount "115"]
[EventDate "2021.??.??"]
[EventType "blitz"]

1. e4 e5 2. Nf3 d5 3. Nxe5 Bd6 4. d4 dxe4 5. Nc4 Nf6 6. Be2 O-O 7. Be3 Nc6 8.
O-O Re8 9. Nc3 a6 10. a4 h6 11. a5 Bf5 12. Qd2 Bf8 13. Na4 Nd5 14. c3 Bg6 15.
Bf4 Nxf4 16. Qxf4 Ne7 17. Ne5 Nd5 18. Qg3 Bh7 19. Bc4 c6 20. Bxd5 Qxd5 21. Nb6
Qb3 22. Nxa8 Rxa8 23. Qf4 f6 24. Nd7 Qxb2 25. Qc7 Qxc3 26. Qxb7 Re8 27. Nxf8
Rxf8 28. Qxa6 e3 29. fxe3 Bd3 30. Qb6 Bxf1 31. Rxf1 Qxe3+ 32. Kh1 Ra8 33. a6
Qe2 34. Ra1 Qb5 35. Qxb5 cxb5 36. a7 Kf7 37. Kg1 Ke6 38. Kf2 Kd5 39. Ke3 Kc4
40. Ke4 b4 41. d5 b3 42. d6 b2 43. Rb1 Kc3 44. Kd5 Kc2 45. Rf1 Rxa7 46. Kc6
b1=Q 47. Rxb1 Kxb1 48. d7 Ra8 49. Kb7 Rf8 50. Kc7 Kc2 51. d8=Q Rxd8 52. Kxd8
Kd3 53. Ke7 Ke3 54. Kf7 Kf2 55. Kxg7 Kxg2 56. Kxf6 Kxh2 57. Kg6 h5 58. Kxh5 {
Normal} 1/2-1/2

[Event "Rated Rapid game"]
[Site "?"]
[Date "2021.10.04"]
[Round "?"]
[White "Asonaji"]
[Black "Baris_AE"]
[Result "1-0"]
[WhiteElo "2442"]
[BlackElo "2289"]
[PlyCount "87"]
[EventDate "2021.??.??"]
[EventType "rapid"]

1. e4 e5 2. Nf3 d5 3. d4 dxe4 4. Nxe5 Bd6 5. Nc4 Nf6 6. Nc3 O-O 7. Nxd6 cxd6 8.
Be2 d5 9. O-O Nc6 10. Bg5 Be6 11. Nb5 a6 12. Bxf6 Qxf6 13. Nc7 Rac8 14. Nxe6
fxe6 15. c3 e5 16. Qb3 Qf7 17. Rad1 exd4 18. cxd4 b5 19. a4 b4 20. Bxa6 Rb8 21.
Bb5 Qe6 22. f3 exf3 23. Rxf3 Rxf3 24. Qxf3 Rf8 25. Qe2 Qf6 26. Bxc6 Qxc6 27. b3
Re8 28. Qd2 Qb6 29. Qg5 h6 30. Qxd5+ Kh7 31. Qc5 Qe6 32. Qxb4 Qg4 33. Re1 Rxe1+
34. Qxe1 Qxd4+ 35. Kh1 Qb2 36. Qe4+ Kg8 37. Qe6+ Kh7 38. h3 Qc1+ 39. Kh2 Qf4+
40. Kg1 Qc1+ 41. Kf2 Qf4+ 42. Ke2 Qc1 43. Qe4+ Kg8 44. Qc4+ {Normal} 1-0

[Event "Rated Blitz game"]
[Site "?"]
[Date "2021.10.04"]
[Round "?"]
[White "reza_soleimani"]
[Black "Annali-annaliew1979"]
[Result "1-0"]
[WhiteElo "2322"]
[BlackElo "2427"]
[PlyCount "71"]
[EventDate "2021.??.??"]
[EventType "blitz"]

1. e4 e5 2. Nf3 d5 3. d4 dxe4 4. Nxe5 Bd6 5. Nc4 Nf6 6. Nxd6+ cxd6 7. d5 h6 8.
c4 O-O 9. Be2 a6 10. O-O Bf5 11. Nc3 Nbd7 12. Bf4 Qc7 13. h3 Rfe8 14. Rc1 Nc5
15. b4 Nd3 16. Bxd3 exd3 17. c5 Rad8 18. Bxd6 Rxd6 19. cxd6 Qxd6 20. a3 Bg6 21.
Qf3 b5 22. Rcd1 Rc8 23. Rxd3 Bxd3 24. Qxd3 Qe5 25. Rc1 Rc4 26. d6 g6 27. Ne2
Rxc1+ 28. Nxc1 Qe1+ 29. Qf1 Qd2 30. Nd3 Ne4 31. d7 Qg5 32. Qe2 Nd6 33. Qe8+
Nxe8 34. dxe8=Q+ Kh7 35. Qxf7+ Kh8 36. Nf4 {Normal} 1-0

[Event "Rated Blitz game"]
[Site "?"]
[Date "2021.10.04"]
[Round "?"]
[White "SC_9ferzej"]
[Black "KamranShirazi"]
[Result "0-1"]
[WhiteElo "2449"]
[BlackElo "2601"]
[PlyCount "106"]
[EventDate "2021.??.??"]
[EventType "blitz"]

1. e4 e5 2. Nf3 d5 3. exd5 e4 4. Ng1 Qxd5 5. Nc3 Qe5 6. Be2 Bc5 7. d3 exd3 8.
Qxd3 Nc6 9. Nf3 Qf5 10. Ne4 Bb6 11. Ng3 Qxd3 12. Bxd3 Nb4 13. Bb5+ c6 14. Ba4
h5 15. O-O h4 16. Ne4 Nf6 17. Nxf6+ gxf6 18. Re1+ Kf8 19. Be3 Bf5 20. Nd4 Bg6
21. c3 Nd5 22. Rad1 Nxe3 23. Rxe3 Rd8 24. Rf3 Kg7 25. Nf5+ Bxf5 26. Rxf5 Rxd1+
27. Bxd1 Rd8 28. Bg4 Rd2 29. g3 hxg3 30. hxg3 Rxb2 31. a4 Rc2 32. a5 Bc7 33.
Rc5 Ra2 34. Bc8 Bxa5 35. Bxb7 Bb6 36. Rxc6 Bxf2+ 37. Kg2 Rb2 38. Ba6 Bb6+ 39.
Kh3 f5 40. Bd3 Rf2 41. Rd6 Rf3 42. Kg2 Rf2+ 43. Kh3 Bc7 44. Rd7 Be5 45. Bc4 Rf3
46. Rxf7+ Kg6 47. Rxa7 Rxg3+ 48. Kh4 Rxc3 49. Ra6+ Bf6+ 50. Rxf6+ Kxf6 51. Be2
Ke5 52. Kg5 Rg3+ 53. Bg4 Rxg4+ {Normal} 0-1

[Event "Rated Blitz game"]
[Site "?"]
[Date "2021.10.04"]
[Round "?"]
[White "Evgeny75"]
[Black "Lorian2514"]
[Result "0-1"]
[WhiteElo "2403"]
[BlackElo "2554"]
[PlyCount "74"]
[EventDate "2021.??.??"]
[EventType "blitz"]

1. e4 e5 2. Nf3 d5 3. Nxe5 Bd6 4. d4 dxe4 5. f4 Nh6 6. Bc4 Qh4+ 7. g3 Qh3 8.
Bf1 Qe6 9. Be3 Bxe5 10. fxe5 Nf5 11. Qd2 b6 12. Nc3 Bb7 13. Bh3 Na6 14. O-O g6
15. a3 O-O-O 16. b4 c5 17. bxc5 bxc5 18. Bxf5 gxf5 19. d5 Qxe5 20. Rfd1 Nc7 21.
Bf4 Qd4+ 22. Qxd4 cxd4 23. Bxc7 Kxc7 24. Rxd4 Ba6 25. Rb1 Rb8 26. Rbb4 Kd6 27.
Na4 Rxb4 28. axb4 Ke5 29. Rd1 f4 30. gxf4+ Kxf4 31. Nc5 Rf8 32. Nxa6 Ke3 33. d6
Ke2 34. Rd4 Rg8+ 35. Kh1 e3 36. d7 Kf2 37. d8=Q Rg1# {Normal} 0-1

[Event "Rated Blitz tournament TraFHs3S"]
[Site "?"]
[Date "2021.10.04"]
[Round "?"]
[White "lamagia007"]
[Black "CovidBryant"]
[Result "0-1"]
[WhiteElo "2301"]
[BlackElo "2409"]
[PlyCount "58"]
[EventDate "2021.??.??"]
[EventType "blitz"]

1. e4 e5 2. Nf3 d5 3. Nxe5 Bd6 4. d4 dxe4 5. Nc3 Bxe5 6. dxe5 Qxd1+ 7. Kxd1 Bf5
8. Bc4 Nc6 9. Bf4 Nge7 10. Re1 O-O-O+ 11. Kc1 Ng6 12. Bg5 Rd7 13. Nxe4 Ngxe5
14. Bb5 f6 15. Bf4 Rd4 16. Bxe5 Nxe5 17. Ng3 Bg6 18. c3 Rd5 19. c4 Nd3+ 20. Kd2
Rd6 21. Re3 c6 22. Bxc6 bxc6 23. Ke2 Rhd8 24. Kf1 Ne5 25. b3 Rd1+ 26. Rxd1
Rxd1+ 27. Ke2 Ra1 28. a4 Ra2+ 29. Kd1 Rxf2 {Normal} 0-1